000 00251nam a22001217a 4500
082 _a823
_bJOS/C
100 _aJOSEPH, MARY
245 _aI VALUE COURAGE
260 _a64
520 _aENGLISH SHORT STORY
650 _aENGLISH SHORT STORY
942 _cBK
999 _c5712
_d5712